[Event "EYCC 2024 - O14"]
[Site "?"]
[Date "2024.08.26"]
[Round "5.7"]
[White "Topencik, Bruno"]
[Black "Moldovan, Lucas Gabriel"]
[Result "1/2-1/2"]
[BlackElo "1919"]
[WhiteElo "2107"]
[LiveChessVersion "1.4.8"]

1. d4 {[%clk 1:30:56]} Nf6 {[%clk 1:30:53]} 2. c4 {[%clk 1:31:09]} g6
{[%clk 1:30:10]} 3. Nc3 {[%clk 1:31:26]} d5 {[%clk 1:30:26]} 4. cxd5
{[%clk 1:30:39]} Nxd5 {[%clk 1:30:43]} 5. e3 {[%clk 1:31:02]} Nxc3
{[%clk 1:30:26]} 6. bxc3 {[%clk 1:31:21]} Bg7 {[%clk 1:29:19]} 7. Nf3
{[%clk 1:31:13]} O-O {[%clk 1:28:20]} 8. Bd3 {[%clk 1:29:59]} c5 {[%clk 1:26:58]}
9. O-O {[%clk 1:28:23]} Nc6 {[%clk 1:26:24]} 10. Ba3 {[%clk 1:18:56]} cxd4
{[%clk 1:12:50]} 11. cxd4 {[%clk 1:15:56]} Rb8 {[%clk 1:08:03]} 12. Qe2
{[%clk 1:09:26]} Re8 {[%clk 0:59:26]} 13. Rfd1 {[%clk 1:06:32]} Qa5
{[%clk 0:51:56]} 14. Bb2 {[%clk 1:04:40]} Bg4 {[%clk 0:51:29]} 15. h3
{[%clk 0:57:15]} Bxf3 {[%clk 0:43:58]} 16. Qxf3 {[%clk 0:57:24]} e6
{[%clk 0:43:54]} 17. Bc4 {[%clk 0:45:34]} Qb4 {[%clk 0:41:01]} 18. Qe2
{[%clk 0:44:15]} b5 {[%clk 0:39:15]} 19. Bd3 {[%clk 0:42:03]} a6 {[%clk 0:35:25]}
20. Rac1 {[%clk 0:39:39]} Rec8 {[%clk 0:34:09]} 21. Rc2 {[%clk 0:39:07]} Ne7
{[%clk 0:27:25]} 22. Rdc1 {[%clk 0:36:21]} Rxc2 {[%clk 0:27:23]} 23. Rxc2
{[%clk 0:35:56]} Rc8 {[%clk 0:27:45]} 24. Rxc8+ {[%clk 0:33:48]} Nxc8 25. Qc2
1/2-1/2

[Event "EYCC 2024 - O14"]
[Site "?"]
[Date "2024.08.26"]
[Round "5.8"]
[White "Karacsonyi, Bank"]
[Black "Perea Fruet, Federico"]
[Result "1-0"]
[BlackElo "2094"]
[WhiteElo "1913"]
[LiveChessVersion "1.4.8"]

1. e4 {[%clk 1:30:57]} c6 {[%clk 1:30:55]} 2. d4 {[%clk 1:31:18]} d5
{[%clk 1:31:20]} 3. Nc3 {[%clk 1:31:27]} dxe4 {[%clk 1:31:36]} 4. Nxe4
{[%clk 1:31:52]} Nf6 {[%clk 1:31:49]} 5. Nxf6+ {[%clk 1:32:16]} exf6
{[%clk 1:32:12]} 6. c3 {[%clk 1:32:36]} Bd6 {[%clk 1:32:16]} 7. Bd3
{[%clk 1:32:49]} O-O {[%clk 1:32:28]} 8. Ne2 {[%clk 1:33:13]} Re8
{[%clk 1:30:41]} 9. O-O {[%clk 1:33:34]} Nd7 {[%clk 1:29:24]} 10. Bf4
{[%clk 1:33:08]} Nf8 {[%clk 1:29:03]} 11. Qd2 {[%clk 1:33:28]} Ng6
{[%clk 1:20:25]} 12. Bxd6 {[%clk 1:33:39]} Qxd6 {[%clk 1:20:51]} 13. Rfe1
{[%clk 1:34:02]} Bd7 {[%clk 1:17:43]} 14. a4 {[%clk 1:33:30]} a5 {[%clk 1:16:24]}
15. Ng3 {[%clk 1:32:51]} Nf4 {[%clk 1:10:52]} 16. Bf1 {[%clk 1:33:18]} f5
{[%clk 1:05:58]} 17. b3 {[%clk 1:22:53]} b6 {[%clk 1:01:13]} 18. Rad1
{[%clk 1:18:19]} g6 {[%clk 0:56:21]} 19. c4 {[%clk 1:14:38]} Rad8
{[%clk 0:50:39]} 20. Re3 {[%clk 1:11:01]} Ne6 {[%clk 0:40:32]} 21. Rd3
{[%clk 0:52:40]} Bc8 {[%clk 0:36:37]} 22. Qh6 {[%clk 0:43:47]} Qf4
{[%clk 0:33:34]} 23. Qxf4 {[%clk 0:36:37]} Nxf4 {[%clk 0:33:41]} 24. Rf3
{[%clk 0:32:25]} Ne6 {[%clk 0:32:03]} 25. Rfd3 {[%clk 0:27:22]} Rd6
{[%clk 0:29:32]} 26. d5 {[%clk 0:26:45]} Nc5 {[%clk 0:28:53]} 27. Re3
{[%clk 0:24:46]} Kf8 {[%clk 0:21:36]} 28. Rxe8+ {[%clk 0:22:23]} Kxe8
{[%clk 0:22:04]} 29. Ne2 {[%clk 0:20:06]} Kd8 {[%clk 0:17:59]} 30. Nc3
{[%clk 0:17:21]} Ne4 {[%clk 0:16:44]} 31. Nxe4 {[%clk 0:14:14]} fxe4
{[%clk 0:16:49]} 32. Re1 {[%clk 0:13:35]} cxd5 {[%clk 0:14:29]} 33. cxd5
{[%clk 0:13:29]} Rxd5 {[%clk 0:13:29]} 34. Bc4 {[%clk 0:13:42]} Rd7
{[%clk 0:13:22]} 35. Kf1 {[%clk 0:13:24]} f5 {[%clk 0:13:20]} 36. f3
{[%clk 0:12:35]} Bb7 {[%clk 0:12:03]} 37. Kf2 {[%clk 0:12:17]} Rd2+
{[%clk 0:11:18]} 38. Kg3 {[%clk 0:12:20]} exf3 {[%clk 0:07:27]} 39. gxf3
{[%clk 0:12:35]} Bd5 {[%clk 0:07:27]} 40. Bxd5 {[%clk 0:12:10]} Rxd5
{[%clk 0:07:55]} 41. Re6 {[%clk 0:12:15]} Kc7 {[%clk 0:07:42]} 42. Kf4
{[%clk 0:12:24]} Rd4+ {[%clk 0:07:21]} 43. Kg5 {[%clk 0:12:24]} Rd3
{[%clk 0:07:35]} 44. Re7+ {[%clk 0:12:51]} Kc6 {[%clk 0:06:40]} 45. Rxh7
{[%clk 0:13:15]} Rxf3 {[%clk 0:06:47]} 46. Rh6 {[%clk 0:12:57]} Rxb3
{[%clk 0:06:54]} 47. Rxg6+ {[%clk 0:13:22]} Kc5 {[%clk 0:04:58]} 48. h4
{[%clk 0:12:36]} Rb4 {[%clk 0:03:37]} 49. h5 {[%clk 0:11:30]} Rxa4
{[%clk 0:03:41]} 50. Rf6 {[%clk 0:09:59]} Rg4+ {[%clk 0:02:06]} 51. Kxf5
{[%clk 0:10:20]} Rg1 {[%clk 0:01:28]} 52. h6 {[%clk 0:09:11]} Rh1
{[%clk 0:00:35]} 53. Kg6 {[%clk 0:08:58]} Rg1+ {[%clk 0:00:47]} 54. Kf7
{[%clk 0:07:21]} Rh1 {[%clk 0:01:01]} 55. Rf5+ {[%clk 0:07:27]} Kc6
{[%clk 0:00:57]} 56. Rf6+ {[%clk 0:07:13]} Kb5 {[%clk 0:01:02]} 57. Rf5+
{[%clk 0:07:28]} Ka6 {[%clk 0:01:17]} 58. Kg6 {[%clk 0:07:29]} Rxh6+
{[%clk 0:01:38]} 59. Kxh6 {[%clk 0:07:55]} a4 {[%clk 0:01:53]} 60. Kg5
{[%clk 0:08:02]} b5 {[%clk 0:02:16]} 61. Kf4 {[%clk 0:07:33]} Ka5
{[%clk 0:01:53]} 62. Ke3 {[%clk 0:07:28]} a3 {[%clk 0:01:43]} 63. Kd2
{[%clk 0:06:35]} a2 {[%clk 0:01:32]} 64. Rf8 {[%clk 0:05:50]} Kb4
{[%clk 0:01:37]} 65. Ra8 {[%clk 0:06:17]} Kb3 {[%clk 0:01:51]} 66. Kc1
{[%clk 0:06:41]} b4 {[%clk 0:02:06]} 67. Ra7 {[%clk 0:07:01]} Kc3
{[%clk 0:02:29]} 68. Rxa2 {[%clk 0:07:25]} b3 {[%clk 0:02:58]} 69. Rb2
{[%clk 0:07:47]} 1-0

[Event "EYCC 2024 - O14"]
[Site "?"]
[Date "2024.08.26"]
[Round "5.9"]
[White "Senel, Hayri Beyhun"]
[Black "Martinovic, David"]
[Result "1/2-1/2"]
[BlackElo "1917"]
[WhiteElo "2084"]
[LiveChessVersion "1.4.8"]

1. e4 {[%clk 1:30:58]} e5 {[%clk 1:30:54]} 2. Qh5 {[%clk 1:31:18]} Nc6
{[%clk 1:30:45]} 3. Bc4 {[%clk 1:31:41]} g6 {[%clk 1:30:43]} 4. Qf3
{[%clk 1:32:09]} Nf6 {[%clk 1:27:58]} 5. Ne2 {[%clk 1:29:58]} d6 {[%clk 1:25:27]}
6. h3 {[%clk 1:29:05]} Bg7 {[%clk 1:24:30]} 7. d3 {[%clk 1:27:43]} Be6
{[%clk 1:22:51]} 8. Bg5 {[%clk 0:57:09]} O-O {[%clk 0:59:13]} 9. Nbc3
{[%clk 0:53:06]} Re8 {[%clk 0:46:01]} 10. Nd5 {[%clk 0:31:47]} Bxd5
{[%clk 0:45:32]} 11. Bxd5 {[%clk 0:32:03]} Nb4 {[%clk 0:39:17]} 12. Bb3
{[%clk 0:31:05]} a5 {[%clk 0:36:45]} 13. a3 {[%clk 0:28:46]} Na6 {[%clk 0:32:28]}
14. O-O {[%clk 0:22:41]} Nc5 {[%clk 0:30:47]} 15. Bc4 {[%clk 0:22:14]} c6
{[%clk 0:29:02]} 16. b4 {[%clk 0:22:01]} Ncd7 {[%clk 0:18:44]} 17. c3
{[%clk 0:16:52]} Nb6 {[%clk 0:16:26]} 18. Bb3 {[%clk 0:16:47]} d5
{[%clk 0:15:41]} 19. c4 {[%clk 0:15:35]} d4 {[%clk 0:12:01]} 20. c5
{[%clk 0:14:54]} Nbd7 {[%clk 0:11:58]} 21. Qg3 {[%clk 0:09:47]} axb4
{[%clk 0:04:25]} 22. axb4 {[%clk 0:10:09]} Rxa1 {[%clk 0:03:46]} 23. Rxa1
{[%clk 0:10:38]} b6 {[%clk 0:03:39]} 24. Bxf6 {[%clk 0:07:24]} Bxf6
{[%clk 0:02:32]} 25. Ra7 {[%clk 0:05:10]} bxc5 {[%clk 0:02:28]} 1/2-1/2

[Event "EYCC 2024 - O14"]
[Site "?"]
[Date "2024.08.26"]
[Round "5.10"]
[White "Omarsson, Josef"]
[Black "Boulos, Paul"]
[Result "0-1"]
[BlackElo "2083"]
[WhiteElo "1895"]
[LiveChessVersion "1.4.8"]

1. d4 {[%clk 1:30:48]} d5 {[%clk 1:30:53]} 2. c4 {[%clk 1:30:53]} e6
{[%clk 1:31:05]} 3. Nc3 {[%clk 1:30:51]} Nf6 {[%clk 1:31:28]} 4. cxd5
{[%clk 1:30:53]} exd5 {[%clk 1:31:46]} 5. Bg5 {[%clk 1:30:51]} c6
{[%clk 1:32:12]} 6. e3 {[%clk 1:30:34]} Bd6 {[%clk 1:32:39]} 7. Bd3
{[%clk 1:30:07]} O-O {[%clk 1:33:02]} 8. Nf3 {[%clk 1:29:45]} Be6
{[%clk 1:32:40]} 9. O-O {[%clk 1:29:09]} Nbd7 {[%clk 1:31:47]} 10. Bh4
{[%clk 1:28:09]} h6 {[%clk 1:30:31]} 11. Rb1 {[%clk 1:27:12]} a5 {[%clk 1:25:36]}
12. a3 {[%clk 1:25:51]} Re8 {[%clk 1:19:03]} 13. b4 {[%clk 1:24:44]} axb4
{[%clk 1:16:40]} 14. axb4 {[%clk 1:24:54]} b5 {[%clk 1:15:09]} 15. Qb3
{[%clk 1:21:56]} Nb6 {[%clk 1:02:16]} 16. Ra1 {[%clk 1:18:29]} Qe7
{[%clk 0:58:46]} 17. Ne2 {[%clk 1:09:15]} Nc4 {[%clk 0:54:11]} 18. Rfb1
{[%clk 0:54:35]} Bg4 {[%clk 0:46:45]} 19. Bxc4 {[%clk 0:37:00]} bxc4
{[%clk 0:46:58]} 20. Qc3 {[%clk 0:37:04]} Rxa1 {[%clk 0:27:01]} 21. Qxa1
{[%clk 0:37:11]} Rb8 {[%clk 0:21:52]} 22. Qa4 {[%clk 0:34:51]} Rxb4
{[%clk 0:16:34]} 23. Rxb4 {[%clk 0:35:04]} Bxb4 {[%clk 0:16:56]} 24. Bxf6
{[%clk 0:34:57]} gxf6 {[%clk 0:17:11]} 25. Qa8+ {[%clk 0:30:50]} Kg7
{[%clk 0:14:30]} 26. h3 {[%clk 0:30:28]} Bxf3 {[%clk 0:13:49]} 27. gxf3
{[%clk 0:30:49]} Qd7 {[%clk 0:12:15]} 28. Nf4 {[%clk 0:31:01]} Bd6
{[%clk 0:11:24]} 29. Nh5+ {[%clk 0:27:13]} Kg6 {[%clk 0:11:33]} 30. Ng3
{[%clk 0:27:28]} Kg7 {[%clk 0:06:34]} 31. Nh5+ {[%clk 0:27:48]} Kg6
{[%clk 0:07:01]} 32. Ng3 {[%clk 0:28:12]} Kh7 {[%clk 0:03:07]} 33. Kg2
{[%clk 0:26:37]} Bxg3 {[%clk 0:03:35]} 34. fxg3 {[%clk 0:25:51]} Kg7
{[%clk 0:03:24]} 35. Qa3 {[%clk 0:25:48]} Qb7 {[%clk 0:03:09]} 36. Kf2
{[%clk 0:23:13]} Qb3 {[%clk 0:02:35]} 37. Qc1 Qa2+ {[%clk 0:01:31]} 38. Kg1
{[%clk 0:18:34]} Qe2 {[%clk 0:01:09]} 39. f4 {[%clk 0:18:46]} Qd3
{[%clk 0:01:01]} 40. Kf2 {[%clk 0:18:50]} h5 {[%clk 0:00:34]} 41. g4
{[%clk 0:17:17]} h4 {[%clk 0:00:46]} 42. Qb2 {[%clk 0:13:20]} c3 {[%clk 0:00:39]}
43. Qc1 {[%clk 0:13:42]} c2 {[%clk 0:00:52]} 44. Ke1 {[%clk 0:13:53]} Qc3+
{[%clk 0:01:18]} 45. Ke2 {[%clk 0:14:04]} Kf8 {[%clk 0:01:28]} 46. Kf2
{[%clk 0:13:50]} Ke8 {[%clk 0:01:35]} 47. Kf3 {[%clk 0:13:42]} Qd3
{[%clk 0:01:11]} 48. Qa1 {[%clk 0:14:00]} Qd1+ {[%clk 0:01:31]} 0-1

[Event "EYCC 2024 - O14"]
[Site "?"]
[Date "2024.08.26"]
[Round "5.11"]
[White "Auribault, Louis"]
[Black "Aghazaryan, Albert"]
[Result "1/2-1/2"]
[BlackElo "1781"]
[WhiteElo "2081"]
[LiveChessVersion "1.4.8"]

1. Nf3 {[%clk 1:30:52]} d5 {[%clk 1:30:50]} 2. d4 {[%clk 1:31:16]} Nf6
{[%clk 1:31:09]} 3. c4 {[%clk 1:31:39]} c6 {[%clk 1:31:14]} 4. Nc3
{[%clk 1:31:51]} e6 {[%clk 1:31:15]} 5. Qc2 {[%clk 1:32:15]} dxc4
{[%clk 1:30:10]} 6. e4 {[%clk 1:32:39]} b5 {[%clk 1:29:15]} 7. Be2
{[%clk 1:33:04]} Nbd7 {[%clk 1:29:05]} 8. O-O {[%clk 1:33:18]} Be7
{[%clk 1:29:20]} 9. Rb1 {[%clk 1:28:41]} O-O {[%clk 1:28:22]} 10. b3
{[%clk 1:28:10]} cxb3 {[%clk 1:28:01]} 11. Rxb3 {[%clk 1:28:29]} Bb7
{[%clk 1:25:53]} 12. e5 {[%clk 1:27:37]} Nd5 {[%clk 1:23:53]} 13. Nxd5
{[%clk 1:15:52]} cxd5 {[%clk 1:24:00]} 14. Bxb5 {[%clk 1:15:28]} Rc8
{[%clk 1:21:51]} 15. Qb1 {[%clk 1:06:42]} Bc6 {[%clk 1:11:47]} 16. Bd3
{[%clk 1:06:55]} h6 {[%clk 1:06:13]} 17. Ba3 {[%clk 0:57:21]} Nb6
{[%clk 0:59:31]} 18. Rc1 {[%clk 0:53:50]} Bxa3 {[%clk 0:38:53]} 19. Rxa3
{[%clk 0:54:04]} Nc4 {[%clk 0:38:19]} 20. Bxc4 {[%clk 0:33:08]} dxc4
{[%clk 0:37:00]} 21. Rxc4 {[%clk 0:33:04]} Rb8 {[%clk 0:24:14]} 22. Rb4
{[%clk 0:27:15]} Rxb4 {[%clk 0:22:14]} 23. Qxb4 {[%clk 0:27:41]} Bxf3
{[%clk 0:21:29]} 24. Rxf3 {[%clk 0:24:59]} Qd5 {[%clk 0:18:55]} 25. Qa4
{[%clk 0:24:52]} Rc8 {[%clk 0:18:47]} 26. h3 {[%clk 0:25:03]} a5 {[%clk 0:18:49]}
27. Kh2 {[%clk 0:21:52]} h5 {[%clk 0:18:49]} 28. Rf4 {[%clk 0:19:56]} Rd8
{[%clk 0:16:14]} 29. Qa3 {[%clk 0:19:03]} Rd7 {[%clk 0:16:14]} 30. h4
{[%clk 0:18:08]} Qc4 {[%clk 0:12:42]} 31. Qc5 Qa6 32. a4 {[%clk 0:15:59]} g6
{[%clk 0:11:15]} 33. Qc3 {[%clk 0:14:31]} Kg7 {[%clk 0:11:17]} 34. Qd2
{[%clk 0:10:06]} Qc4 {[%clk 0:10:18]} 35. g4 {[%clk 0:09:39]} hxg4
{[%clk 0:08:05]} 36. Rxg4 {[%clk 0:10:08]} Qb3 {[%clk 0:05:09]} 37. Qf4
{[%clk 0:08:29]} Qc2 {[%clk 0:04:08]} 38. Qf6+ {[%clk 0:08:41]} Kg8
{[%clk 0:04:36]} 39. h5 {[%clk 0:08:44]} Qf5 {[%clk 0:04:47]} 40. Rg5
{[%clk 0:03:53]} Qxf6 {[%clk 0:03:25]} 41. exf6 {[%clk 0:04:21]} Rxd4
{[%clk 0:00:33]} 42. hxg6 {[%clk 0:04:07]} fxg6 {[%clk 0:00:57]} 43. Rxa5
{[%clk 0:04:29]} Kf7 {[%clk 0:01:25]} 44. Kg3 {[%clk 0:04:46]} Kxf6
{[%clk 0:01:51]} 45. f4 {[%clk 0:05:10]} Rb4 {[%clk 0:01:48]} 46. Kf3
{[%clk 0:04:54]} Rb3+ {[%clk 0:02:13]} 47. Kg4 {[%clk 0:04:32]} Rb4
{[%clk 0:02:14]} 48. Kf3 {[%clk 0:04:05]} Rb3+ {[%clk 0:02:38]} 1/2-1/2

[Event "EYCC 2024 - O14"]
[Site "?"]
[Date "2024.08.26"]
[Round "5.12"]
[White "Gvasalia, Gaga"]
[Black "Lehocz, Jozsef Jr."]
[Result "0-1"]
[BlackElo "2069"]
[WhiteElo "1820"]
[LiveChessVersion "1.4.8"]

1. e4 {[%clk 1:30:57]} c5 {[%clk 1:30:46]} 2. Nf3 {[%clk 1:31:19]} Nc6
{[%clk 1:30:48]} 3. d4 {[%clk 1:31:42]} cxd4 {[%clk 1:31:02]} 4. Nxd4
{[%clk 1:32:08]} Qb6 {[%clk 1:30:48]} 5. Nb3 {[%clk 1:31:57]} Nf6
{[%clk 1:29:10]} 6. Bd3 {[%clk 1:32:21]} e6 {[%clk 1:27:48]} 7. Be3
{[%clk 1:32:31]} Qc7 {[%clk 1:27:51]} 8. f4 {[%clk 1:31:02]} d6 {[%clk 1:26:52]}
9. O-O {[%clk 1:31:18]} Be7 {[%clk 1:25:36]} 10. a3 {[%clk 1:28:33]} a6
{[%clk 1:22:12]} 11. c4 {[%clk 1:28:30]} b6 {[%clk 1:18:05]} 12. Nc3
{[%clk 1:28:48]} Nd7 {[%clk 1:10:33]} 13. Nd4 {[%clk 1:25:45]} Bf6
{[%clk 0:56:47]} 14. e5 {[%clk 0:59:31]} dxe5 {[%clk 0:40:51]} 15. Nxc6
{[%clk 0:59:33]} e4 {[%clk 0:24:01]} 16. Bxe4 {[%clk 0:56:28]} Bxc3
{[%clk 0:24:22]} 17. Nb4 {[%clk 0:53:26]} Bxb4 {[%clk 0:20:36]} 18. Bxa8
{[%clk 0:53:46]} Be7 {[%clk 0:20:18]} 19. b4 {[%clk 0:52:25]} O-O
{[%clk 0:20:12]} 20. Qb3 {[%clk 0:51:55]} a5 {[%clk 0:18:48]} 21. Bf3
{[%clk 0:51:10]} Ba6 {[%clk 0:18:55]} 22. Rfd1 {[%clk 0:50:37]} Rc8
{[%clk 0:18:06]} 23. Rac1 {[%clk 0:49:05]} e5 {[%clk 0:11:55]} 24. Bg4
{[%clk 0:47:52]} Rd8 {[%clk 0:11:11]} 25. Rxd7 {[%clk 0:47:26]} Rxd7
{[%clk 0:11:32]} 26. Bxd7 {[%clk 0:47:54]} Qxd7 {[%clk 0:08:34]} 27. Bxb6
{[%clk 0:46:33]} exf4 {[%clk 0:08:24]} 28. Bc5 {[%clk 0:39:51]} Bf6
{[%clk 0:05:41]} 29. Qd1 {[%clk 0:39:40]} Qc8 {[%clk 0:04:43]} 30. Qd6
{[%clk 0:38:56]} f3 {[%clk 0:03:39]} 31. Re1 {[%clk 0:36:37]} h6 {[%clk 0:02:47]}
32. Bd4 {[%clk 0:34:48]} Qg4 {[%clk 0:02:38]} 33. Qg3 {[%clk 0:15:49]} Bxd4+
{[%clk 0:02:57]} 34. Kh1 {[%clk 0:16:16]} Qxg3 {[%clk 0:03:12]} 35. hxg3
{[%clk 0:16:20]} f2 {[%clk 0:03:38]} 36. Rc1 {[%clk 0:16:26]} Bxc4
{[%clk 0:03:46]} 0-1

[Event "EYCC 2024 - O14"]
[Site "?"]
[Date "2024.08.26"]
[Round "5.13"]
[White "Negre, Emilie"]
[Black "Roubal, Matyas"]
[Result "1/2-1/2"]
[BlackElo "1916"]
[WhiteElo "2140"]
[LiveChessVersion "1.4.8"]

1. d4 {[%clk 1:30:56]} Nf6 {[%clk 1:30:53]} 2. c4 {[%clk 1:31:21]} g6
{[%clk 1:31:18]} 3. Nc3 {[%clk 1:31:46]} Bg7 {[%clk 1:31:40]} 4. e4
{[%clk 1:32:03]} d6 {[%clk 1:31:59]} 5. h3 {[%clk 1:32:27]} O-O {[%clk 1:32:22]}
6. Be3 {[%clk 1:32:41]} c5 {[%clk 1:31:48]} 7. Nf3 {[%clk 1:32:42]} cxd4
{[%clk 1:32:09]} 8. Nxd4 {[%clk 1:33:03]} Nc6 {[%clk 1:32:34]} 9. Be2
{[%clk 1:33:14]} Bd7 {[%clk 1:32:51]} 10. O-O {[%clk 1:33:34]} Nxd4
{[%clk 1:33:06]} 11. Bxd4 {[%clk 1:34:00]} Bc6 {[%clk 1:33:25]} 12. Qc2
{[%clk 1:34:26]} Nd7 {[%clk 1:33:11]} 13. Be3 {[%clk 1:22:34]} a5
{[%clk 1:32:47]} 14. b3 {[%clk 1:21:26]} Nc5 {[%clk 1:31:33]} 15. f3
{[%clk 1:18:46]} e6 {[%clk 1:26:02]} 16. Rfd1 {[%clk 0:57:54]} Qf6
{[%clk 1:11:38]} 17. Rac1 {[%clk 0:58:14]} Rfd8 {[%clk 1:08:19]} 18. Bf1
{[%clk 0:48:53]} Qe7 {[%clk 1:02:51]} 19. Rd2 {[%clk 0:37:41]} Be5
{[%clk 1:01:21]} 20. Ne2 {[%clk 0:22:37]} Rac8 {[%clk 0:52:37]} 21. Nd4
{[%clk 0:21:36]} h5 {[%clk 0:50:49]} 22. Nxc6 {[%clk 0:18:48]} Rxc6
{[%clk 0:50:01]} 23. f4 {[%clk 0:18:04]} Bg7 {[%clk 0:50:17]} 24. Be2
{[%clk 0:16:08]} b6 {[%clk 0:48:00]} 25. Bf3 {[%clk 0:15:46]} Rc7
{[%clk 0:47:18]} 26. Rcd1 {[%clk 0:15:02]} Rcd7 {[%clk 0:47:13]} 27. a3
{[%clk 0:14:36]} d5 {[%clk 0:41:11]} 28. cxd5 {[%clk 0:12:14]} exd5
{[%clk 0:41:34]} 29. e5 {[%clk 0:11:07]} g5 {[%clk 0:35:40]} 30. Rxd5
{[%clk 0:08:07]} Rxd5 {[%clk 0:33:42]} 31. Bxd5 {[%clk 0:08:20]} gxf4
{[%clk 0:32:34]} 32. Bxf4 {[%clk 0:08:44]} Ne6 {[%clk 0:32:33]} 33. Bxe6
{[%clk 0:06:15]} Rxd1+ {[%clk 0:32:55]} 34. Qxd1 {[%clk 0:06:09]} Qxe6
{[%clk 0:33:14]} 35. Qd8+ {[%clk 0:06:20]} Kh7 {[%clk 0:33:32]} 36. Qd3+
{[%clk 0:06:41]} Qg6 {[%clk 0:31:31]} 37. Qe3 {[%clk 0:02:14]} Bf8
{[%clk 0:30:24]} 38. Qc1 {[%clk 0:01:41]} Qe4 {[%clk 0:29:55]} 39. Bg3
{[%clk 0:01:07]} Bc5+ {[%clk 0:29:24]} 40. Kh2 {[%clk 0:01:27]} h4
{[%clk 0:29:43]} 41. Bf4 {[%clk 0:00:39]} Qd4 {[%clk 0:29:11]} 42. a4
{[%clk 0:00:38]} Qf2 {[%clk 0:29:21]} 43. Qb1+ {[%clk 0:00:50]} Kg8
{[%clk 0:29:42]} 44. Qc1 {[%clk 0:01:12]} Kh7 {[%clk 0:29:03]} 45. Kh1
{[%clk 0:01:35]} Bd4 {[%clk 0:28:58]} 46. Kh2 {[%clk 0:01:11]} Kg7
{[%clk 0:29:05]} 47. Bh6+ {[%clk 0:01:11]} Kh7 {[%clk 0:29:17]} 48. Bf4
{[%clk 0:01:13]} Kg7 {[%clk 0:29:37]} 49. Bh6+ {[%clk 0:00:57]} 1/2-1/2

[Event "EYCC 2024 - O14"]
[Site "?"]
[Date "2024.08.26"]
[Round "5.14"]
[White "Kutanjac, Aleksandar"]
[Black "Manyevich, Rom"]
[Result "1-0"]
[BlackElo "1942"]
[WhiteElo "2146"]
[LiveChessVersion "1.4.8"]

1. d4 {[%clk 1:30:57]} Nf6 {[%clk 1:30:47]} 2. Bf4 {[%clk 1:31:20]} b6
{[%clk 1:31:04]} 3. e3 {[%clk 1:31:18]} Bb7 {[%clk 1:31:26]} 4. Nf3
{[%clk 1:30:41]} g6 {[%clk 1:31:44]} 5. c3 {[%clk 1:29:43]} Bg7 {[%clk 1:32:03]}
6. Nbd2 {[%clk 1:29:44]} d6 {[%clk 1:32:09]} 7. Bc4 {[%clk 1:20:12]} Nbd7
{[%clk 1:31:59]} 8. O-O {[%clk 1:19:43]} O-O {[%clk 1:30:57]} 9. h3
{[%clk 1:19:49]} Qe8 {[%clk 1:30:58]} 10. Qc2 {[%clk 1:16:52]} e5
{[%clk 1:30:24]} 11. dxe5 {[%clk 1:17:12]} dxe5 {[%clk 1:30:42]} 12. Bg3
{[%clk 1:17:35]} Qe7 {[%clk 1:27:19]} 13. Rfd1 {[%clk 1:16:14]} Rad8
{[%clk 1:19:02]} 14. a4 {[%clk 1:10:46]} a6 {[%clk 1:18:28]} 15. e4
{[%clk 0:56:52]} h6 {[%clk 1:13:05]} 16. Bh4 {[%clk 0:43:25]} Kh8
{[%clk 1:07:08]} 17. b4 {[%clk 0:40:55]} g5 {[%clk 0:58:10]} 18. Bg3
{[%clk 0:38:58]} Nh5 {[%clk 0:55:56]} 19. Nf1 {[%clk 0:26:36]} f5
{[%clk 0:43:32]} 20. exf5 {[%clk 0:26:05]} Nf4 {[%clk 0:42:47]} 21. Bxf4
{[%clk 0:22:11]} gxf4 {[%clk 0:42:03]} 22. Bd5 {[%clk 0:21:57]} Bxd5
{[%clk 0:40:53]} 23. Rxd5 {[%clk 0:22:20]} Bf6 {[%clk 0:33:45]} 24. Rad1
{[%clk 0:20:37]} Rg8 {[%clk 0:31:36]} 25. R1d2 {[%clk 0:14:21]} Rg7
{[%clk 0:24:16]} 26. Qe4 {[%clk 0:13:37]} Rgg8 {[%clk 0:20:17]} 27. N1h2
{[%clk 0:08:57]} h5 {[%clk 0:18:16]} 28. Ne1 {[%clk 0:06:47]} Bh4
{[%clk 0:15:06]} 29. Qe2 {[%clk 0:06:22]} Qf7 {[%clk 0:13:18]} 30. Qd1
{[%clk 0:06:02]} Rg7 {[%clk 0:12:57]} 31. Nhf3 {[%clk 0:06:23]} Bf6
{[%clk 0:11:57]} 32. Nxe5 {[%clk 0:05:58]} Bxe5 {[%clk 0:12:16]} 33. Rxe5
{[%clk 0:06:25]} Nxe5 {[%clk 0:12:12]} 34. Rxd8+ {[%clk 0:06:47]} Kh7
{[%clk 0:12:38]} 35. Qc2 {[%clk 0:04:21]} Qf6 {[%clk 0:12:56]} 36. Rd5
{[%clk 0:04:10]} c6 {[%clk 0:10:55]} 37. Rd1 {[%clk 0:03:54]} f3 {[%clk 0:06:29]}
38. g3 Rg5 {[%clk 0:06:03]} 39. Rd4 {[%clk 0:02:47]} Kh8 {[%clk 0:04:58]} 40. Rf4
{[%clk 0:01:55]} Qg7 {[%clk 0:05:05]} 41. Kh2 {[%clk 0:02:10]} Ng4+
{[%clk 0:03:23]} 42. hxg4 {[%clk 0:02:20]} hxg4 {[%clk 0:03:51]} 43. Nxf3
{[%clk 0:02:37]} gxf3 {[%clk 0:04:17]} 44. Rxf3 {[%clk 0:02:05]} Rh5+
{[%clk 0:04:30]} 45. Kg2 {[%clk 0:02:29]} Qg4 {[%clk 0:04:41]} 46. Rf4
{[%clk 0:02:25]} Qh3+ {[%clk 0:04:35]} 47. Kf3 {[%clk 0:02:49]} Qh1+
{[%clk 0:04:49]} 48. Ke2 {[%clk 0:03:05]} Rh7 {[%clk 0:04:13]} 49. Qe4
{[%clk 0:03:09]} Qh5+ {[%clk 0:04:25]} 50. g4 {[%clk 0:03:26]} Qf7
{[%clk 0:04:36]} 51. Qe5+ {[%clk 0:03:47]} Rg7 {[%clk 0:05:00]} 52. Re4
{[%clk 0:04:01]} Qa2+ {[%clk 0:05:11]} 53. Kf3 {[%clk 0:04:21]} Qc2
{[%clk 0:05:18]} 54. Qe8+ {[%clk 0:04:44]} Rg8 {[%clk 0:05:41]} 55. Qh5+
{[%clk 0:05:07]} 1-0